000 00548nam a22002057a 4500
005 20240403093609.0
008 240403b |||||||| |||| 00| 0 eng d
020 _a9788196536220
040 _aIN-DiNC
_cIN-DiNC
041 _deng
082 _a821
_bBEH
100 _aBehera, B.S.
_eauthor
245 _aBritish poetry and drama:
_b17th and 18th centuries/
_cby B.S. Behera
250 _a1st ed.
260 _aMeerut:
_bBalaji publishers,
_c2023.
300 _a288p.
650 _aEnglish poetry
650 _aEnglish drama
942 _2ddc
_cBK
999 _c11788
_d11788